Quizzes
Events
Quiz Creation
Community
Videos
Private Events
Remove Ads
Sign In
Join for FREE
Feedback
Dark Mode
Quiz Categories
Sports
Geography
Music
Movies
Television
Just For Fun
Miscellaneous
History
Literature
Language
Science
Gaming
Entertainment
Religion
Holiday
For Kids
Quiz Lab
Recent
Popular Today
Quiz Kudos Today
Editor Picks
Curator Picks
Quizzes by...
Day
Popularity
Type
Ratings
Length
Year
Community
Subscriptions
Recent Discussions
Orange Saloon
Badges
Playlists
Quests
Create
Leaderboards
Showdown
Live 5
Trivia Bingo
Activity
Puzzle Library
Sporcle Events
Private Events
Virtual Trivia
Globe League
Become a Host
Pub Owners
SporcleCon
Opinionation
Our Games
Videos
Blog
Mobile Apps
Partnerships
Remove Ads and Go Orange
Feedback
Literature
Harry Potter
A Song of Ice and Fire
The Hunger Games
Literary Character
Shakespeare
Book
Author
Novel
Poem
Young Adult
Children's Books
Play
Lord of the Rings
Literature
Harry Potter
A Song of Ice and Fire
The Hunger Games
Literary Character
Shakespeare
Book
Author
Novel
Poem
Young Adult
Children's Books
Play
Lord of the Rings
Random Quiz
Search Sporcle
×
Quiz Lab
Quiz Lab
Literature
Lord of the Rings
Type in answers that appear in a list
Type in answers that appear in a list
Classic
Best Score? Go Orange.
Tolkien Things: Letter F Stats
Can you name the Tolkien Things: Letter F?
By
lanaturnersmile
8m
15 Questions
301 Plays
301 Plays
301 Plays
Comments
Comments
Give Quiz Kudos
Give Quiz Kudos
-
- Ratings
hide this ad
Replay
Link that replays current quiz
Next Quiz
Link to next quiz in quiz playlist
You Got
0%
They Got
Avg Score
70%
Avg Friend Score
Upgrade to see
Score Distribution
Jump to the score distribution portion of the page
Score
0/15
Timer
08:00
0
Plays Today
Hint
Answer
% Correct
One of Thorins nephews
Fili
98.7%
Flying creatures used bu the Nazgul
Fell Beasts
97%
Creator of the Silmarils
Feanor
96%
Forest beneath the Misty Mountains
Fangorn
93.7%
Eldest son of Peregrin Took
Faramir
88.7%
_
_
_
_
_
_
_
_
_
_
_
of the Ring
Fellowship
84.4%
First King of the Noldor
Finwe
83.7%
Father of Galadriel
Finarfin
78.4%
Hint
Answer
% Correct
Tom Bombadils Pony
Fatty Lumpkin
73.8%
Surname given to Finrod by the Dwarves
Felagund
72.8%
Sister of Gil-
galad, loved Turin
Finduilas
64.1%
Treebeards long-
lost wife
Fimbrethil
43.2%
One of the seven Dwarf houses
Firebeards
35.9%
Affectionate fan nickname for Aegnor
Figwit
32.6%
_
_
_
_
_
_
_
_
_
_
_
_
of Tinuviel
Fountain
10.3%
Quiz Playlist
Details
Report
Send in Message
Add To Playlist
Classic:
Type in answers that appear in a list
Last Updated: Feb 16, 2017
Quiz Scoreboard
CHALLENGE
Sign Up to Join the Scoreboard
Show All
Scores
Hide
Comments
May contain spoilers
Recently Published
An Introduction to Baseball
by treessimontrees
Sports
5m
Movies - When Are They Set?
by FPL_Elf
Movies
5m
Popular People in 1961
by mucciniale
History
6m
More to Explore
Quiz From the Vault
Featured Blog Post
Where Did the Easter Bunny Come From?
hide this ad
You Might Also Like...
Tags
Lord of the Rings Quiz
JRR Tolkien
Rings Fellowship
The Hobbit
Today's Top Quizzes in Literature
Browse Literature
hide this ad
Today's Top Quizzes in Lord of the Rings
Browse Lord of the Rings
Top Contributed Quizzes in Literature
1
Sneaky Slytherin Logic Puzzle
2
One Thing in Common: Literature
3
Get The Picture: Black or White Literature
4
One Thing in Common: Literature 3
5
Harry Potter Neighbourly Logic Puzzle #3
6
One Thing in Common: Literature II
7
One Thing in Common: Books
8
Harry Potter Neighbourly Logic Puzzle #5
9
Weasley Family Reunion: Logic Puzzle
10
7 to 1: Literature by Subcategory
Explore More
Trending Topics
Anime
Crossword
Marvel
Disney
Harry Potter
Kpop
NBA
The Office
WWE
NFL
Soccer
Puzzle
Country
Song
Pokémon
hide this ad
More By:
lanaturnersmile
Quiz
Plays
Rating
Category
Featured
Created
LYRICS: Wuthering Heights by Kate Bush
2,135
3.81
Music
Feb 11, 2014
'Hannibal' Trivia Quiz
1,746
3.25
Television
May 19, 2014
Things Donna says you can 'Treat Yo Self' With
1,538
4.00
Television
Dec 12, 2014
Classic Hollywood Actors and Actresses
1,353
4.88
Movies
Apr 18, 2012
LYRICS: Wind Of Change by The Scorpions
1,251
3.23
Music
Jul 8, 2012
Go to Creator's Profile
Score Distribution
Quiz Creator Spotlight
lanaturnersmile
Follow
Send a Message
Quizzes Created
-
Created Quiz Play Count
-
More By This Creator
Popular Quizzes Today
1
Find the Countries of Europe - No Outlines Minefield
2
Find the US States - No Outlines Minefield
3
The Countries of the World
4
Popular People in 1961
5
US States
6
Find the US States
7
1-10 Letter E Words III
8
Risky Map Clicking: Biggest States A-Z
More Literature Quizzes
Shakespeare Venn Diagram
Published
Trending Quizzes
Risky Map Clicking: Least Populous States A-Z
1-10 Letter F Words
1-10 Letter G Words
Not Quite an Element Typing Challenge
One Thing in Common: United Kingdom
Recently Updated
Leaping Animals
pecheneg
Reality TV Shows (A-Z)
bhenderson79
Rickey Henderson's Hall of Fame Teammates
pecheneg
Champions League XIs: Arsenal
pecheneg
Quick Pick: Celebrities in WWE's Hall of Fame
aduchscher
A-Z Keypad Blitz II
pecheneg
Multiple Oscar Actors
pecheneg
Mystery Phrase Blitz: Oscar 'Best Actors'
pecheneg
F. Scott Fitzgerald Novels
LTH
Pick 3 Villains
ddd62291
Trending Topics
Disney
Kpop
Crossword
Marvel
NBA
Anime
Harry Potter
NFL
Country
Song
WWE
Pokémon
Puzzle
The Office
Soccer
Your Account Isn't Verified!
In order to create a playlist on Sporcle, you need to verify the email address you used during registration. Go to your
Sporcle Settings
to finish the process.
Report this User
Report this user for behavior that violates our
Community Guidelines
.
Details:
Send Report
Go to the Sporcle.com Mobile Site →
Comments